<?xml version="1.0" encoding="UTF-8"?>
<record
    xmlns:xsi="http://www.w3.org/2001/XMLSchema-instance"
    xsi:schemaLocation="http://www.loc.gov/MARC21/slim http://www.loc.gov/standards/marcxml/schema/MARC21slim.xsd"
    xmlns="http://www.loc.gov/MARC21/slim">

  <leader>03060cam a2200349 i 4500</leader>
  <controlfield tag="001">20643655</controlfield>
  <controlfield tag="003">CSPC</controlfield>
  <controlfield tag="005">20241121135527.0</controlfield>
  <controlfield tag="008">180824s2019    njua     b    001 0 eng  </controlfield>
  <datafield tag="010" ind1=" " ind2=" ">
    <subfield code="a">  2018039779</subfield>
  </datafield>
  <datafield tag="020" ind1=" " ind2=" ">
    <subfield code="a">9781119061663</subfield>
  </datafield>
  <datafield tag="040" ind1=" " ind2=" ">
    <subfield code="a">DLC</subfield>
    <subfield code="b">eng</subfield>
    <subfield code="e">rda</subfield>
    <subfield code="c">DLC</subfield>
    <subfield code="d">DLC</subfield>
    <subfield code="d">CSPC</subfield>
  </datafield>
  <datafield tag="042" ind1=" " ind2=" ">
    <subfield code="a">pcc</subfield>
  </datafield>
  <datafield tag="050" ind1="0" ind2="0">
    <subfield code="a">TS183</subfield>
    <subfield code="b">.M233 2019</subfield>
  </datafield>
  <datafield tag="082" ind1="0" ind2="0">
    <subfield code="a">670</subfield>
    <subfield code="2">23</subfield>
    <subfield code="b">M286e</subfield>
  </datafield>
  <datafield tag="100" ind1="1" ind2=" ">
    <subfield code="a">Mair, Gordon M.,</subfield>
    <subfield code="d">1949-</subfield>
    <subfield code="e">author.</subfield>
  </datafield>
  <datafield tag="245" ind1="1" ind2="0">
    <subfield code="a">Essential manufacturing /</subfield>
    <subfield code="c">Gordon Mair.</subfield>
  </datafield>
  <datafield tag="264" ind1=" " ind2="1">
    <subfield code="a">Hoboken, New Jersey :</subfield>
    <subfield code="b">John Wiley &amp; Sons, Inc.,</subfield>
    <subfield code="c">2019.</subfield>
  </datafield>
  <datafield tag="300" ind1=" " ind2=" ">
    <subfield code="a">xvii, 401 pages :</subfield>
    <subfield code="b">illustrations ;</subfield>
    <subfield code="c">25 cm</subfield>
  </datafield>
  <datafield tag="336" ind1=" " ind2=" ">
    <subfield code="a">text</subfield>
    <subfield code="b">txt</subfield>
    <subfield code="2">rdacontent</subfield>
  </datafield>
  <datafield tag="337" ind1=" " ind2=" ">
    <subfield code="a">unmediated</subfield>
    <subfield code="b">n</subfield>
    <subfield code="2">rdamedia</subfield>
  </datafield>
  <datafield tag="338" ind1=" " ind2=" ">
    <subfield code="a">volume</subfield>
    <subfield code="b">nc</subfield>
    <subfield code="2">rdacarrier</subfield>
  </datafield>
  <datafield tag="504" ind1=" " ind2=" ">
    <subfield code="a">Includes bibliographical references and index.</subfield>
  </datafield>
  <datafield tag="505" ind1="0" ind2=" ">
    <subfield code="a">Introduction -- Manufacturing history -- Typical manufacturing industries -- Designing for manufacture -- Manufacturing concepts -- Manufacturing materials -- Materials for manufacture -- Materials production -- Manufacturing processes -- Casting -- Cutting processes -- Deformation processes -- Pressworking -- Plastics processing -- Additive manufacturing processes -- Miscellaneous metalworking processes -- Manufacturing processes in the electronics industry -- Assembly and joining -- Material and process selection -- Manufacturing automation -- Manufacturing automation - introduction -- The building blocks of automated systems -- Reprogrammable automation -- Machine vision -- Manufacturing operations management -- Production planning -- Production control -- Work study -- Manufacturing economics -- Maintaining manufacturing quality -- Quality defined - quality management and assurance -- Metrology and statistical quality control -- Human factors in manufacturing -- Human factors in manufacturing.  </subfield>
  </datafield>
  <datafield tag="520" ind1=" " ind2=" ">
    <subfield code="a">"Provides a comprehensive, concise introduction to the manufacturing industry for engineering and management students Takes a self-contained approach - Covers materials, processes, operation management, production planning, quality control and human factors - Includes review questions - Suitable as an introduction for more advanced study Market description: Tier C/Undergraduate text Primary: Undergraduate students in mechanical and manufacturing engineering. Secondary: Practitioners and graduate students in mechanical and manufacturing engineering. Undergraduate and graduate students studying manufacturing in business courses"--</subfield>
    <subfield code="c">Provided by publisher.</subfield>
  </datafield>
  <datafield tag="650" ind1=" " ind2="0">
    <subfield code="a">Manufacturing processes.</subfield>
  </datafield>
  <datafield tag="776" ind1="0" ind2="8">
    <subfield code="i">Online version:</subfield>
    <subfield code="a">Mair, Gordon M., 1949- author.</subfield>
    <subfield code="t">Essential manufacturing</subfield>
    <subfield code="d">Hoboken, NJ : John Wiley &amp; Sons, Inc., 2019</subfield>
    <subfield code="z">9781119061687</subfield>
    <subfield code="w">(DLC) 2018041977</subfield>
  </datafield>
  <datafield tag="906" ind1=" " ind2=" ">
    <subfield code="a">7</subfield>
    <subfield code="b">cbc</subfield>
    <subfield code="c">orignew</subfield>
    <subfield code="d">1</subfield>
    <subfield code="e">ecip</subfield>
    <subfield code="f">20</subfield>
    <subfield code="g">y-gencatlg</subfield>
  </datafield>
  <datafield tag="942" ind1=" " ind2=" ">
    <subfield code="2">ddc</subfield>
    <subfield code="c">BK</subfield>
    <subfield code="h">670</subfield>
    <subfield code="i">M286e</subfield>
    <subfield code="k">ENG</subfield>
    <subfield code="m">2019</subfield>
    <subfield code="n">0</subfield>
    <subfield code="e">23</subfield>
  </datafield>
  <datafield tag="952" ind1=" " ind2=" ">
    <subfield code="0">0</subfield>
    <subfield code="1">0</subfield>
    <subfield code="2">ddc</subfield>
    <subfield code="4">0</subfield>
    <subfield code="7">0</subfield>
    <subfield code="a">CSPC</subfield>
    <subfield code="b">CSPC</subfield>
    <subfield code="c">ENG</subfield>
    <subfield code="d">2024-11-21</subfield>
    <subfield code="l">0</subfield>
    <subfield code="o">ENG 670 M286e 2019</subfield>
    <subfield code="p">028432</subfield>
    <subfield code="r">2024-11-21 10:42:34</subfield>
    <subfield code="t">1-1</subfield>
    <subfield code="w">2024-11-21</subfield>
    <subfield code="y">BK</subfield>
  </datafield>
  <datafield tag="999" ind1=" " ind2=" ">
    <subfield code="c">28492</subfield>
    <subfield code="d">28492</subfield>
  </datafield>
</record>
